000 00266nam a2200133Ia 4500
008 170620s9999 xx 000 0 und d
020 _a1582558485
100 _aDUTTA-A.C
245 0 _aBOTANY
260 _bOXFORD
260 _c2005
300 _a708
546 _aEnglish
690 _aBOTANY
999 _c30557
_d30557